书目信息 |
| 题名: |
土星之环
|
|
| 作者: | 塞巴尔德 著 ;闵志荣 译 | |
| 分册: | ||
| 出版信息: | 桂林 广西师范大学出版社 2020 |
|
| 页数: | 303页 | |
| 开本: | 19cm | |
| 丛书名: | ||
| 单 册: | ||
| 中图分类: | I516.65 | |
| 科图分类: | ||
| 主题词: | 游记--作品集--德国--现代 | |
| 电子资源: | ||
| ISBN: | 978-7-5598-2830-9 | |
| 000 | 00746nam0 2200229 450 | |
| 001 | 2277998256 | |
| 005 | 20221008214014.68 | |
| 010 | @a978-7-5598-2830-9@b精装@dCNY64.00 | |
| 100 | @a20200819d2020 em y0chiy50 ea | |
| 101 | 1 | @achi@cger |
| 102 | @aCN@b450000 | |
| 105 | @aa z 000cy | |
| 200 | 1 | @a土星之环@9tu xing zhi huan@dDie Ringe des Saturn@f(德)温弗里德·塞巴尔德(W.G. Sebald)著@g闵志荣译@zger |
| 210 | @a桂林@c广西师范大学出版社@d2020 | |
| 215 | @a303页@c图@d19cm | |
| 510 | 1 | @aRinge des Saturn@zger |
| 606 | 0 | @a游记@x作品集@y德国@z现代 |
| 690 | @aI516.65@v5 | |
| 701 | 0 | @c(德)@a塞巴尔德@9sai ba er de@c(Sebald, W. G.)@4著 |
| 702 | 0 | @a闵志荣@9min zhi rong@4译 |
| 801 | 0 | @aCN@b91MARC@c20200822 |
| 905 | @aZUCC@dI516.65@e12 | |
| 土星之环=Die Ringe des Saturn/(德)温弗里德·塞巴尔德(W.G. Sebald)著/闵志荣译.-桂林:广西师范大学出版社,2020 |
| 303页:图;19cm |
| ISBN 978-7-5598-2830-9(精装):CNY64.00 |
| ● |
| 相关链接 |
|
|
|
正题名:土星之环
索取号:I516.65/12
 
预约/预借
| 序号 | 登录号 | 条形码 | 馆藏地/架位号 | 状态 | 备注 |
| 1 | 2000913718 | 2000913718 | 第一书库/ [索取号:I516.65/12] | 在馆 | |
| 2 | 2000913719 | 2000913719 | 第一书库/ [索取号:I516.65/12] | 在馆 | |
| 3 | 2000913720 | 2000913720 | 第一书库/ [索取号:I516.65/12] | 在馆 |